Deep Sea Trivia - Statistics

General Stats
  • This quiz has been taken 52 times
  • The average score is 5 of 10
Answer Stats
Hint Answer % Correct
Deepest part of the ocean Mariana Trench
86%
The aphotic zone is characterized by the lack of what? Sunlight
79%
Whale species that dives deep down to hunt giant squids Sperm Whale
74%
The ability many deep sea creatures have that allow them to glow Bioluminescence
69%
Unlike the name suggests, this cephalopod won't suck your blood Vampire Squid
64%
The tendency for deep sea creatures to be larger than their shallow water relatives Deep-sea Gigantism
45%
Dead particulate organic material that falls from above Marine Snow
33%
Lakes that have a salinity greater than the surrounding water Brine Pools
26%
Deep sea vents that heat the water Hydrothermal Vents
26%
Strange cartilaginous fish with gill covers that are related to sharks and rays Chimaera
24%
No matching quizzes found
Score Distribution
Percent of People with Each Score
Percentile by Number Answered
Your Score History
You have not taken this quiz